Гидродинамика движения частиц, капель и пузырей в неньютоновских жидкостях

Detalles Bibliográficos
Autor Principal: Соковнин О. М. Олег Михайлович
Outros autores: Загоскина Н. В. Нина Владимировна, Загоскин С. Н. Сергей Николаевич
Summary:В монографии на основе анализа классических и оригинальных работ сделана попытка представить текущее состояние исследований в области гидродинамики движения частиц, капель и пузырей в неньютоновских жидкостях. Проанализированы математические модели реологически стационарных и нестационарных (вязкоупругих) неньютоновских жидкостей и даны примеры использования этих моделей. Рассмотрены теоретические основы определения реологических характеристик неньютоновских жидкостей и систематизированы сведения о современных приборах и методах экспериментального исследования их реологии. Показано развитие основных идей и подходов, используемых при аналитических, численных и экспериментальных исследованиях движения частиц, капель и пузырей в неньютоновских жидкостях. Выявлены общие тенденции и имеющиеся противоречия в исследованиях, сформулированы возможные пути их разрешения.
Idioma:ruso
Publicado: Новосибирск, Наука, 2019
Subjects:
Formato: MixedMaterials Libro
KOHA link:https://koha.lib.tpu.ru/cgi-bin/koha/opac-detail.pl?biblionumber=379448

MARC

LEADER 00000nam0a2200000 4500
001 379448
005 20231211140932.0
010 |a 978-5-02-038801-7 
035 |a (RuTPU)RU\TPU\retro\36915 
090 |a 379448 
100 |a 20231004d2019 k||y0rusy50 ca 
101 0 |a rus 
102 |a RU 
105 |a a z 001yy 
181 0 |a i   |b  e  
182 0 |a n 
183 0 |a nc  |2 RDAcarrier 
200 1 |a Гидродинамика движения частиц, капель и пузырей в неньютоновских жидкостях  |f О. М. Соковин, Н. В. Загоскина, С. Н. Загоскин 
203 |a Текст  |b визуальный  |c непосредственный 
210 |a Новосибирск  |c Наука  |d 2019 
215 |a 216 с.  |c ил. 
283 |a volume  |2 RDAcarrier 
320 |a Библиография в конце глав 
330 |a В монографии на основе анализа классических и оригинальных работ сделана попытка представить текущее состояние исследований в области гидродинамики движения частиц, капель и пузырей в неньютоновских жидкостях. Проанализированы математические модели реологически стационарных и нестационарных (вязкоупругих) неньютоновских жидкостей и даны примеры использования этих моделей. Рассмотрены теоретические основы определения реологических характеристик неньютоновских жидкостей и систематизированы сведения о современных приборах и методах экспериментального исследования их реологии. Показано развитие основных идей и подходов, используемых при аналитических, численных и экспериментальных исследованиях движения частиц, капель и пузырей в неньютоновских жидкостях. Выявлены общие тенденции и имеющиеся противоречия в исследованиях, сформулированы возможные пути их разрешения. 
606 1 |a Жидкости вязкие  |x Реологические свойства  |9 37917 
610 1 |a физика 
610 1 |a неньютоновские жидкости 
610 1 |a реология 
610 1 |a жидкие среды 
610 1 |a движение 
610 1 |a капли 
610 1 |a пузыри 
610 1 |a частицы 
610 1 |a реологические модели 
610 1 |a реологически стационарные жидкости 
610 1 |a реологически нестационарные жидкости 
610 1 |a капиллярная вискозиметрия 
610 1 |a ротационная вискозиметрия 
610 1 |a вязкоупругие жидкости 
610 1 |a реометрия 
675 |a 532.135  |v 4  |z rus 
700 1 |a Соковнин  |b О. М.  |4 070  |g Олег Михайлович 
701 1 |4 070  |a Загоскина  |b Н. В.  |g Нина Владимировна 
701 1 |4 070  |a Загоскин  |b С. Н.  |g Сергей Николаевич 
801 1 |a RU  |b 63413507  |c 20231004 
942 |c BK